000 00324nam a22001457a 4500
003 SGT
020 _a9789348565242
082 _a614.1
_bRED
100 _aREDDY,Dr.N.S
245 _aFORENSIC MEDICINE & TOXICOLOGY MINI DICTIONARY
260 _aINDIA
_bIP PUB
_c2025
300 _a119
650 _aSCIENCE
942 _2ddc
_cBK
999 _c33264
_d33264